[Event "Dimitrovgrad-ch"]
[Site "Dimitrovgrad"]
[Date "2009.??.??"]
[Round "1"]
[White "Chuguev, Anton"]
[Black "Ignatov, Anatoly"]
[Result "1-0"]
[WhiteElo "2210"]
[BlackElo "1895"]
[PlyCount "47"]
[EventDate "2009.08.??"]
[EventType "swiss"]
[EventRounds "9"]
[EventCountry "RUS"]
[SourceTitle "EXT 2012"]
[Source "ChessBase"]
[SourceDate "2011.11.24"]
[SourceVersion "1"]
[SourceVersionDate "2011.11.24"]
[SourceQuality "1"]

1. d4 Nf6 2. c4 g6 3. Nc3 Bg7 4. e4 d6 5. Be2 0-0 6. Bg5 c5 7. d5 Na6 8. h4 h6 9. Be3 e6 10. dxe6 Bxe6 11. Nh3 Qa5 12. Qd2 Kh7 13. Ng5+ hxg5 14. hxg5+ Nh5 15. g4 Rh8 16. gxh5 gxh5 17. f4 Qb4 18. f5 Bxc4 19. f6 Bf8 20. Rxh5+ Kg8 21. Rxh8+ Kxh8 22. Bg4 Be6 23. Bxe6 fxe6 24. Qh2+ 1-0

[Event "Novosibirsk November op"]
[Site "Novosibirsk"]
[Date "2008.11.25"]
[Round "4"]
[White "Ignatov, Anatoly"]
[Black "Faleev, Vasily"]
[Result "1-0"]
[WhiteElo "1973"]
[BlackElo "1908"]
[PlyCount "80"]
[EventDate "2008.11.20"]
[EventType "swiss"]
[EventRounds "9"]
[EventCountry "RUS"]
[SourceTitle "EXT 2022"]
[Source "ChessBase"]
[SourceDate "2021.10.06"]
[SourceVersion "1"]
[SourceVersionDate "2021.10.06"]
[SourceQuality "1"]

1. e4 e5 2. Nf3 Nc6 3. Bb5 a6 4. Ba4 Nf6 5. 0-0 Nxe4 6. d4 b5 7. Bb3 d5 8. dxe5 Be6 9. c3 Bc5 10. Nbd2 0-0 11. Bc2 f5 12. Nb3 Bb6 13. Qe2 Qe7 14. Be3 Bxe3 15. Qxe3 f4 16. Qe2 Bf5 17. Nbd4 Nxd4 18. Nxd4 Bg6 19. f3 Ng5 20. Bb3 Qc5 21. Kh1 Rae8 22. Rad1 c6 23. Nxc6 Nf7 24. Bxd5 Kh8 25. e6 Ng5 26. e7 Rf6 27. h4 Nf7 28. Bxf7 Bxf7 29. Ne5 Bxa2 30. Nd7 Rxe7 31. Nxf6 gxf6 32. Qf2 Qh5 33. Rfe1 Rg7 34. Rd4 Qh6 35. Ree4 f5 36. Rxf4 Be6 37. Rd8+ Rg8 38. Qd4+ Qg7 39. Qxg7+ Kxg7 40. Rxg8+ Kxg8 1-0

[Event "Novosibirsk November op"]
[Site "Novosibirsk"]
[Date "2008.11.20"]
[Round "1"]
[White "Levin, Mikhail Eduardovich"]
[Black "Ignatov, Anatoly"]
[Result "0-1"]
[WhiteElo "1779"]
[BlackElo "1973"]
[PlyCount "64"]
[EventDate "2008.11.20"]
[EventType "swiss"]
[EventRounds "9"]
[EventCountry "RUS"]
[SourceTitle "EXT 2022"]
[Source "ChessBase"]
[SourceDate "2021.10.06"]
[SourceVersion "1"]
[SourceVersionDate "2021.10.06"]
[SourceQuality "1"]

1. e4 d6 2. f4 c5 3. Nf3 Nc6 4. c3 Nf6 5. d4 cxd4 6. cxd4 Nxe4 7. Bd3 Qa5+ 8. Nbd2 Nxd2 9. Bxd2 Qb6 10. Bc3 Bg4 11. 0-0 e6 12. Kh1 d5 13. Qa4 Bxf3 14. Rxf3 Be7 15. f5 0-0 16. Rh3 exf5 17. Bxf5 g6 18. Qc2 Nxd4 19. Bxd4 Qxd4 20. Rd1 Qe5 21. Bd3 Bf6 22. Qd2 Rfe8 23. g4 Bg5 24. Qf2 Re7 25. Rf1 Rc8 26. Rf3 Rc1 27. Kg2 Rxf1 28. Bxf1 b6 29. h4 Be3 30. Qc2 Qe4 31. Bd3 Qxg4+ 32. Rg3 Qxh4 0-1

[Event "SFR-ch Seniors"]
[Site "Novosibirsk"]
[Date "2008.10.11"]
[Round "4"]
[White "Volkov, Petr"]
[Black "Ignatov, Anatoly"]
[Result "0-1"]
[WhiteElo "2076"]
[BlackElo "1973"]
[PlyCount "89"]
[EventDate "2008.10.08"]
[EventType "swiss"]
[EventRounds "9"]
[EventCountry "RUS"]
[SourceTitle "EXT 2022"]
[Source "ChessBase"]
[SourceDate "2021.10.06"]
[SourceVersion "1"]
[SourceVersionDate "2021.10.06"]
[SourceQuality "1"]

1. e4 g6 2. d4 Bg7 3. Nc3 c6 4. f4 d5 5. exd5 cxd5 6. Nf3 Bg4 7. Bb5+ Nc6 8. 0-0 Nf6 9. h3 Bxf3 10. Rxf3 0-0 11. Ne2 Qb6 12. Bxc6 Qxc6 13. f5 Rac8 14. c3 Ne4 15. Be3 b5 16. a3 Nd6 17. Ng3 Nc4 18. Qe2 e5 19. fxe6 Qxe6 20. Qf2 Rfe8 21. Bf4 Qd7 22. Rf1 f5 23. h4 Re6 24. h5 Rce8 25. hxg6 hxg6 26. Bc1 Nd6 27. Bg5 Ne4 28. Nxe4 dxe4 29. Rh3 Bf6 30. Qh4 Qg7 31. Bxf6 Rxf6 32. Qg5 Rfe6 33. Qf4 Rf8 34. Rg3 a5 35. Rd1 Rd8 36. Qe3 Rf8 37. Qf4 Rd8 38. Rf1 b4 39. axb4 axb4 40. Qg5 Rf8 41. Qf4 bxc3 42. bxc3 Rd8 43. Qg5 Rf8 44. Qe3 Qc7 45. Qh6 0-1

[Event "SFR-ch Seniors"]
[Site "Novosibirsk"]
[Date "2008.10.08"]
[Round "1"]
[White "Ignatov, Anatoly"]
[Black "Starkov, S."]
[Result "0-1"]
[WhiteElo "1973"]
[BlackElo "2262"]
[PlyCount "98"]
[EventDate "2008.10.08"]
[EventType "swiss"]
[EventRounds "9"]
[EventCountry "RUS"]
[SourceTitle "EXT 2022"]
[Source "ChessBase"]
[SourceDate "2021.10.06"]
[SourceVersion "1"]
[SourceVersionDate "2021.10.06"]
[SourceQuality "1"]

1. e4 e5 2. Nf3 Nc6 3. Bb5 f5 4. d3 Bc5 5. 0-0 Nge7 6. Nc3 0-0 7. Bc4+ Kh8 8. Bg5 h6 9. Bxe7 Bxe7 10. Nd5 d6 11. exf5 Bxf5 12. Ne3 Bg6 13. h3 Qd7 14. Nh2 Bg5 15. Bd5 Rab8 16. c3 Ne7 17. Bf3 d5 18. Qe2 Rbe8 19. Bh5 Qd6 20. Bxg6 Nxg6 21. g3 Nf4 22. gxf4 exf4 23. Qg4 fxe3 24. fxe3 Bxe3+ 25. Kh1 d4 26. c4 Qc6+ 27. Qg2 Qxg2+ 28. Kxg2 h5 29. Rxf8+ Rxf8 30. Rf1 Kg8 31. Rxf8+ Kxf8 32. Nf1 Bc1 33. b3 Ke7 34. Kf3 Kd6 35. Ng3 g6 36. Ne2 Be3 37. Ke4 Kc5 38. a3 a5 39. Nf4 g5 40. Nxh5 Bc1 41. b4+ axb4 42. axb4+ Kxb4 43. Kxd4 c6 44. Ng3 b5 45. cxb5 cxb5 46. Ne2 Bb2+ 47. Ke4 Kb3 48. Nd4+ Bxd4 49. Kxd4 b4 0-1

[Event "Novosibirsk-ch Seniors op"]
[Site "Novosibirsk"]
[Date "2008.10.01"]
[Round "7"]
[White "Volkov, Petr"]
[Black "Ignatov, Anatoly"]
[Result "1-0"]
[WhiteElo "2095"]
[BlackElo "1973"]
[PlyCount "97"]
[EventDate "2008.09.25"]
[EventType "swiss"]
[EventRounds "9"]
[EventCountry "RUS"]
[SourceTitle "EXT 2022"]
[Source "ChessBase"]
[SourceDate "2021.10.06"]
[SourceVersion "1"]
[SourceVersionDate "2021.10.06"]
[SourceQuality "1"]

1. e4 d6 2. d4 Nf6 3. Nc3 g6 4. Bg5 h6 5. Bf4 c6 6. Qd2 b5 7. a3 Bg7 8. f3 a6 9. g4 Qb6 10. Nge2 Bb7 11. Bg2 e5 12. dxe5 dxe5 13. Be3 Qc7 14. Ng3 Nbd7 15. 0-0 Rd8 16. Qf2 0-0 17. Rfd1 Rc8 18. Rd3 Rfe8 19. Rad1 Bf8 20. Bh3 g5 21. Nf5 a5 22. Bf1 Ba6 23. R3d2 b4 24. Bxa6 bxc3 25. Bxc8 cxd2 26. Bxd7 Qxd7 27. Rxd2 Qe6 28. h4 Nh7 29. Rd3 Qa2 30. Bc1 Qb1 31. Rd1 Rb8 32. Qe2 Qa2 33. Kg2 Qe6 34. Qd2 gxh4 35. Nxh6+ Kh8 36. Nf5 Qf6 37. a4 Bb4 38. Qh6 Bc5 39. b3 Bd4 40. Qxh4 Qxh4 41. Nxh4 f6 42. Nf5 c5 43. Bd2 c4 44. Nxd4 exd4 45. bxc4 Rb2 46. Bxa5 Rxc2+ 47. Rd2 Rxc4 48. Bb6 Rxa4 49. Bxd4 1-0

[Event "Novosibirsk-ch"]
[Site "Novosibirsk"]
[Date "2008.02.22"]
[Round "1"]
[White "Kezin, Roman"]
[Black "Ignatov, Anatoly"]
[Result "1-0"]
[WhiteElo "2162"]
[BlackElo "1983"]
[PlyCount "125"]
[EventDate "2008.02.22"]
[EventType "swiss"]
[EventRounds "9"]
[EventCountry "RUS"]
[SourceTitle "CBM 123 Extra"]
[Source "ChessBase"]
[SourceDate "2008.05.06"]
[SourceVersion "1"]
[SourceVersionDate "2008.05.06"]
[SourceQuality "1"]

1. d4 Nf6 2. c4 g6 3. Nc3 Bg7 4. e4 d6 5. Nf3 0-0 6. h3 e5 7. d5 a5 8. Bg5 Na6 9. g4 Nc5 10. Nd2 c6 11. Be2 Qb6 12. Rb1 h6 13. Be3 cxd5 14. cxd5 Qd8 15. h4 Nfd7 16. h5 g5 17. f3 Na6 18. Nc4 Ndc5 19. Nb5 Bf6 20. Ncxd6 Bd7 21. Nc3 Bxg4 22. Nxb7 Nxb7 23. fxg4 Be7 24. 0-0 Bc5 25. Qd2 Qb6 26. Bxc5 Naxc5 27. Qe3 f6 28. Kg2 Nd6 29. Rfc1 Rac8 30. Rc2 Qb4 31. Rbc1 Na4 32. Nd1 Rxc2 33. Rxc2 Rc8 34. Rxc8+ Nxc8 35. a3 Qb6 36. Qxb6 Naxb6 37. Nc3 Nd6 38. b3 Kf7 39. Kf3 Ke7 40. Ke3 Kd7 41. Bb5+ Kd8 42. Bc6 Ndc8 43. Kd3 Ne7 44. b4 axb4 45. axb4 Nec8 46. Nb5 Ke7 47. Nc3 Na7 48. Nd1 Nac8 49. Nc3 Na7 50. Kc2 Nc4 51. b5 Nc8 52. Na4 Kd6 53. Kc3 Ne3 54. b6 Nxb6 55. Nxb6 Nxg4 56. Bd7 Nf2 57. Bf5 g4 58. Nc4+ Kc5 59. d6 Kc6 60. d7 Kc7 61. Nd6 g3 62. Nf7 Nxe4+ 63. Kc2 1-0

[Event "Novosibirsk-ch Seniors"]
[Site "Novosibirsk"]
[Date "2008.02.07"]
[Round "5"]
[White "Romanov, Viktor"]
[Black "Ignatov, Anatoly"]
[Result "0-1"]
[WhiteElo "2015"]
[BlackElo "1973"]
[PlyCount "80"]
[EventDate "2008.02.03"]
[EventType "swiss"]
[EventRounds "9"]
[EventCountry "RUS"]
[SourceTitle "EXT 2010"]
[Source "ChessBase"]
[SourceDate "2010.11.25"]
[SourceVersion "1"]
[SourceVersionDate "2010.11.25"]
[SourceQuality "1"]

1. d4 Nf6 2. g3 g6 3. Bg2 Bg7 4. Nf3 d6 5. 0-0 0-0 6. c4 Nbd7 7. Nc3 e5 8. d5 Nc5 9. Bg5 h6 10. Be3 Ne8 11. Qd2 Kh7 12. b4 Nd7 13. Rac1 f5 14. Rfd1 Ndf6 15. Qc2 Ng4 16. h3 Nxe3 17. fxe3 Nf6 18. Nh4 Nh5 19. Nxg6 Kxg6 20. g4 Ng3 21. Kh2 Qh4 22. Bf3 Kh7 23. Rg1 Ne4 24. Bxe4 fxe4 25. Nxe4 Kh8 26. Rg3 Bd7 27. Rcg1 Rf7 28. c5 Raf8 29. R1g2 Qe7 30. a4 Bf6 31. cxd6 cxd6 32. g5 Bxg5 33. Nxg5 hxg5 34. Rxg5 Bf5 35. e4 Bh7 36. R5g4 Rf2 37. Qd3 Rxg2+ 38. Kxg2 Rg8 39. Kf2 Rxg4 40. hxg4 Qh4+ 0-1

[Event "Novosibirsk-ch sf"]
[Site "Novosibirsk"]
[Date "2008.01.23"]
[Round "8"]
[White "Ignatov, Anatoly"]
[Black "Klimov, Valery"]
[Result "1-0"]
[WhiteElo "1973"]
[BlackElo "1924"]
[PlyCount "61"]
[EventDate "2008.01.13"]
[EventType "swiss"]
[EventRounds "9"]
[EventCountry "RUS"]
[SourceTitle "EXT 2010"]
[Source "ChessBase"]
[SourceDate "2010.11.25"]
[SourceVersion "1"]
[SourceVersionDate "2010.11.25"]
[SourceQuality "1"]

1. e4 e5 2. Nf3 Nc6 3. Bb5 Bc5 4. 0-0 Nd4 5. Nxd4 Bxd4 6. c3 Bb6 7. a4 c6 8. Be2 Nf6 9. d3 d6 10. Bg5 Be6 11. b4 a5 12. b5 0-0 13. Nd2 d5 14. Qc2 h6 15. Bh4 g5 16. Bg3 Nd7 17. Nf3 f5 18. exf5 Rxf5 19. Nd2 Rf8 20. c4 Qf6 21. Nb3 cxb5 22. axb5 Rfc8 23. Nd2 Bd4 24. Rac1 a4 25. Nf3 Bc5 26. Qb2 d4 27. Nd2 Bf5 28. f3 a3 29. Qb3 Kg7 30. Ne4 Bxe4 31. fxe4 1-0

[Event "Novosibirsk-ch sf"]
[Site "Novosibirsk"]
[Date "2008.01.19"]
[Round "6"]
[White "Ignatov, Anatoly"]
[Black "Vasiliev, Igor"]
[Result "1/2-1/2"]
[WhiteElo "1973"]
[BlackElo "2271"]
[PlyCount "69"]
[EventDate "2008.01.13"]
[EventType "swiss"]
[EventRounds "9"]
[EventCountry "RUS"]
[SourceTitle "EXT 2010"]
[Source "ChessBase"]
[SourceDate "2010.11.25"]
[SourceVersion "1"]
[SourceVersionDate "2010.11.25"]
[SourceQuality "1"]

1. e4 e5 2. Nf3 Nc6 3. Bb5 a6 4. Ba4 Nf6 5. 0-0 d6 6. Re1 Be7 7. h3 Bd7 8. c3 b5 9. Bb3 0-0 10. d4 exd4 11. cxd4 Na5 12. Bc2 c5 13. dxc5 dxc5 14. e5 Ne8 15. Qd3 g6 16. Bh6 Ng7 17. Nc3 Bc6 18. Rad1 Qxd3 19. Rxd3 c4 20. Rdd1 Bxf3 21. gxf3 Rfd8 22. Nd5 Bh4 23. Be3 Nc6 24. Bb6 Rdc8 25. f4 Ne6 26. Be4 Rab8 27. Be3 Rd8 28. Kg2 Kf8 29. Kf3 h5 30. Rd2 Rd7 31. Red1 Rbd8 32. Bb6 Rb8 33. Be3 Rbd8 34. Bb6 Rb8 35. Be3 1/2-1/2

[Event "SibFR-ch Seniors"]
[Site "Novosibirsk"]
[Date "2007.10.16"]
[Round "8"]
[White "Ignatov, Anatoly"]
[Black "Kuzin, Vladimir"]
[Result "0-1"]
[WhiteElo "2001"]
[BlackElo "2054"]
[PlyCount "88"]
[EventDate "2007.10.09"]
[EventType "swiss"]
[EventRounds "9"]
[EventCountry "RUS"]
[SourceTitle "EXT 2022"]
[Source "ChessBase"]
[SourceDate "2021.10.06"]
[SourceVersion "1"]
[SourceVersionDate "2021.10.06"]
[SourceQuality "1"]

1. e4 c6 2. d4 g6 3. Nc3 Bg7 4. Be3 d5 5. f3 h5 6. Qd2 e6 7. Nh3 a5 8. Nf2 a4 9. Bd3 b6 10. e5 Ba6 11. Ne2 Bxd3 12. Qxd3 Nh6 13. c3 Nf5 14. 0-0 Nd7 15. Nh3 Nxe3 16. Qxe3 Bh6 17. Qd3 0-0 18. f4 c5 19. Qg3 Bg7 20. Ng5 Qe7 21. Qd3 b5 22. Rac1 Rfb8 23. Nf3 c4 24. Qd2 b4 25. Rb1 Bf8 26. h3 Rb7 27. g4 hxg4 28. hxg4 Rab8 29. Qd1 bxc3 30. Nxc3 Rxb2 31. Rxb2 Rxb2 32. Qxa4 Qb4 33. Qxb4 Bxb4 34. Nb5 Rxa2 35. Rb1 Ba5 36. Nd6 c3 37. Rc1 Nb6 38. Ne1 Na4 39. Rc2 Rb2 40. Kf2 Bb6 41. Ke3 Rb1 42. Nd3 Rg1 43. Nb4 Rxg4 44. Kf3 Rg1 0-1